Solat Tahajjud : (Record no. 1094)

000 -LEADER
fixed length control field nam a22 a 4500
003 - CONTROL NUMBER IDENTIFIER
control field AKMAL
005 - DATE AND TIME OF LATEST TRANSACTION
control field 20170508141916.0
008 - FIXED-LENGTH DATA ELEMENTS--GENERAL INFORMATION
fixed length control field 170508s2000 my 00 may d
020 ## - INTERNATIONAL STANDARD BOOK NUMBER
International Standard Book Number 9830462625 (kkt.):
Terms of availability RM5.00
040 ## - CATALOGING SOURCE
Original cataloging agency AKMAL
Transcribing agency AKMAL
082 04 - DEWEY DECIMAL CLASSIFICATION NUMBER
Classification number 297.382 MUH
Edition number 21
090 00 - LOCALLY ASSIGNED LC-TYPE CALL NUMBER (OCLC); LOCAL CALL NUMBER (RLIN)
Classification number (OCLC) (R) ; Classification number, CALL (RLIN) (NR) 297.382
Local cutter number (OCLC) ; Book number/undivided call number, CALL (RLIN) MUH
100 0# - MAIN ENTRY--PERSONAL NAME
Personal name Muhammad Isa Selamat
9 (RLIN) 1930
245 10 - TITLE STATEMENT
Title Solat Tahajjud :
Remainder of title panduan memperoleh rahmat /
Statement of responsibility, etc. Muhammad Isa Selamat
260 ## - PUBLICATION, DISTRIBUTION, ETC.
Place of publication, distribution, etc. Kuala Lumpur :
Name of publisher, distributor, etc. Darul Nu'man,
Date of publication, distribution, etc. 2000
300 00 - PHYSICAL DESCRIPTION
Extent x, 100ms. ;
Dimensions 19cm
500 ## - GENERAL NOTE
General note Mengandungi ayat-ayat dari Quran
504 ## - BIBLIOGRAPHY, ETC. NOTE
Bibliography, etc. note Mengandungi rujukan bibliografi
650 #0 - SUBJECT ADDED ENTRY--TOPICAL TERM
Topical term or geographic name entry element Islam
Form subdivision Prayers and devotions
9 (RLIN) 1608
650 #0 - SUBJECT ADDED ENTRY--TOPICAL TERM
Topical term or geographic name entry element Prayer
General subdivision Islam
9 (RLIN) 1518
942 ## - ADDED ENTRY ELEMENTS (KOHA)
Source of classification or shelving scheme
Koha item type Book
Holdings
Withdrawn status Lost status Source of classification or shelving scheme Damaged status Not for loan Collection code Home library Current library Shelving location Date acquired Inventory number Total Checkouts Full call number Barcode Date last seen Price effective from Koha item type
          NON-FICTION AKMAL Melaka AKMAL Melaka PINJAMAN 08.05.2017 200689   297.382 MUH 201702195 08.05.2017 08.05.2017 Book
          NON-FICTION AKMAL Melaka AKMAL Melaka PINJAMAN 08.05.2017 200688   297.382 MUH 201702175 08.05.2017 08.05.2017 Book
Pusat Sumber Maklumat Dato' Haji Sarmin Md Hussin, Akademi Kastam Diraja Malaysia, Melaka
Tel: 06-2331106 | Faks: 06-2313787